| 000 | nam a22 7a 4500 | ||
|---|---|---|---|
| 999 |
_c29622 _d29622 |
||
| 008 | 180426b xxu||||| |||| 00| 0 eng d | ||
| 020 | _a9780077659530 | ||
| 050 | _aQP 44 .M37 2013 | ||
| 100 | _aMartin, Terry R. | ||
| 245 |
_aLaboratory manual for human anatomy and physiology / _cTerry R. Martin. |
||
| 250 | _a2rd ed. | ||
| 260 |
_aUSA : _bMcGraw Hill, _c2013. |
||
| 300 |
_axx, 716p. : _bill. ; _c28cm. |
||
| 500 | _aInclude index. | ||
| 650 | _aHuman anatomy. | ||
| 942 |
_2lcc _cBOOKS _hQP 44 .M37 2013 |
||